000 00528nam a2200169 i 4500
001 91439
003 ES-MaACL
005 20230906180725.0
007 t|
008 050131s1980 xxr ||||1| spa d
100 1 _aLevitski, G.
_971988
245 1 0 _aKiev
_b: guía breve /
_cG. Levitski ; traducido del ruso por Isabel Pozo Sandoval.
260 _aKiev :
_bMistestvo ;
_aMoscú :
_bProgreso,
_c1980.
300 _a192 p. :
_bil. ;
_c21 cm.
700 1 _aPozo Sandoval, Isabel.
_993552
852 _aES-MaACL
_jL-10674
_bR.110481
999 _c91439
_d91439